Language Quiz

Random Language or Numbers Quiz

Most Spoken Languages in Mississippi Quiz Stats

 Plays Quiz not verified by Sporcle

Score 0/14 Timer 03:00
0 Plays Today
Rank Language % Correct
1English
96.7%
2Spanish
86.7%
4French
86.7%
6Chinese
85%
5German
81.7%
9Korean
81.7%
11Italian
78.3%
Rank Language % Correct
3Vietnamese
76.7%
7Arabic
75%
14Russian
75%
8Tagalog
73.3%
10Hindi
73.3%
12Gujarati
38.3%
13Kru-Ibo-Yoruba
30%

You're not logged in!

Compare scores with friends on all Sporcle quizzes.
OR
Log In

Sporcle TV

Today on Sporcle TV


Watch our educational content, quiz creation guides, and fun videos on Sporcle TV.

Show Comments

Extras

Top Quizzes Today


Score Distribution

Your Account Isn't Verified!

In order to create a playlist on Sporcle, you need to verify the email address you used during registration. Go to your Sporcle Settings to finish the process.

Report this User

Report this user for behavior that violates our Community Guidelines.

Details: